000 00769nam a2200265Ia 4500
008 160803s9999 xx 000 0 und d
020 _a0 439672619
100 _aStar, Nancy
245 4 _aThe case of the Thanksgiving thief /
245 _cby Nancy Star ; illustrated by James Bernardin.
260 _aNew York :
260 _bScholastic Inc.
260 _c2004
300 _a79 pages :
300 _billustrations ;
300 _c20 cm.
440 _aCalendar Club mysteries ;
440 _vbk. 2.
500 _a"This edition is only available for distribution through the school market"--Page 4 of cover.
650 _aJewelry theft.
650 _aThanksgiving Day --
650 _aThanksgiving Day.
650 _xFiction.
700 _a480
999 _c298752
_d298752